ARRUPE JESUIT UNIVERSITY

CORONAVIRUS -STOP THE SPREAD - CLEAN,DISINFECT,COVER

Scientific realism and the plasticity of mind / (Record no. 122968)

MARC details
000 -LEADER
fixed length control field 01054cam a2200349 i 4500
001 - CONTROL NUMBER
control field 11798
005 - DATE AND TIME OF LATEST TRANSACTION
control field 20150716152525.0
008 - FIXED-LENGTH DATA ELEMENTS--GENERAL INFORMATION
fixed length control field 791114s1979 enk b 001 0 eng
010 ## - LIBRARY OF CONGRESS CONTROL NUMBER
LC control number 78073240
020 ## - INTERNATIONAL STANDARD BOOK NUMBER
International Standard Book Number 0521226325 :
Terms of availability $17.00
035 ## - SYSTEM CONTROL NUMBER
System control number (OCoLC)4492306
035 ## - SYSTEM CONTROL NUMBER
System control number (OCoLC)ocm04492306
035 ## - SYSTEM CONTROL NUMBER
System control number (CStRLIN)NYCG12897760-B
035 ## - SYSTEM CONTROL NUMBER
System control number (NNC)11798
040 ## - CATALOGING SOURCE
Modifying agency NNC
050 0# - LIBRARY OF CONGRESS CALL NUMBER
Classification number Q175
Item number .C477
082 ## - DEWEY DECIMAL CLASSIFICATION NUMBER
Classification number 301
090 ## - LOCALLY ASSIGNED LC-TYPE CALL NUMBER (OCLC); LOCAL CALL NUMBER (OCLC)
Classification number (OCLC) (R) ; Classification number, CALL (RLIN) (NR) Q175b
Local cutter number (OCLC) ; Book number/undivided call number, CALL (RLIN) .C477
100 1# - MAIN ENTRY--PERSONAL NAME
Personal name Churchland, Paul M.,
Dates associated with a name 1942-
9 (RLIN) 17554
245 10 - TITLE STATEMENT
Title Scientific realism and the plasticity of mind /
Statement of responsibility, etc Paul M. Churchland.
260 ## - PUBLICATION, DISTRIBUTION, ETC. (IMPRINT)
Place of publication, distribution, etc Cambridge ;
-- New York :
Name of publisher, distributor, etc Cambridge University Press,
Date of publication, distribution, etc 1979.
300 ## - PHYSICAL DESCRIPTION
Extent x, 157 p. ;
Dimensions 22 cm.
490 1# - SERIES STATEMENT
Series statement Cambridge studies in philosophy
500 ## - GENERAL NOTE
General note Includes index.
504 ## - BIBLIOGRAPHY, ETC. NOTE
Bibliography, etc Bibliography: p. [152]-154.
650 #0 - SUBJECT ADDED ENTRY--TOPICAL TERM
Topical term or geographic name as entry element Science
General subdivision Philosophy.
9 (RLIN) 18304
650 #0 - SUBJECT ADDED ENTRY--TOPICAL TERM
Topical term or geographic name as entry element Knowledge, Theory of.
9 (RLIN) 18305
650 #0 - SUBJECT ADDED ENTRY--TOPICAL TERM
Topical term or geographic name as entry element Realism.
9 (RLIN) 11315
830 #0 - SERIES ADDED ENTRY--UNIFORM TITLE
Uniform title Cambridge studies in philosophy.
9 (RLIN) 12860
942 ## - ADDED ENTRY ELEMENTS (KOHA)
Source of classification or shelving scheme Library of Congress Classification
Item type Monograph ( Printed materials)
Holdings
Withdrawn status Lost status Source of classification or shelving scheme Damaged status Not for loan Collection code Home library Current library Shelving location Date acquired Total Checkouts Full call number Barcode Date last seen Date last borrowed Price effective from Koha item type
    Library of Congress Classification     Main Collection ARRUPE LIBRARY ARRUPE LIBRARY Main Collection 16/07/2015 7 Q175 .C477 46500004439 03/07/2019 04/05/2018 16/07/2015 Monograph ( Printed materials)

 

Arrupe Library. PO Box MP320 Mt Pleasant, Harare, Zimbabwe
263 242 745411|librarian@aju.ac.zw